Flow through a two-scale porosity material
En esta investigacin̤ se llev ̤a cabo una comparacin̤ entre tres mťodos dinm̀ica de fluidos computacional, elementos de frontera y velocimetra̕ de imagen de micropartc̕ula para determinar la dinm̀ica de flujo de un medio de escala dual. Tambiň se sugiere como se pueden interplaR estas opciones par...
שמור ב:
| מחברים אחרים: | , , , , |
|---|---|
| פורמט: | ספר |
| שפה: | אנגלית |
| נושאים: | |
| גישה מקוונת: | Flow through a two-scale porosity material |
| תגים: |
הוספת תג
אין תגיות, היה/י הראשונ/ה לתייג את הרשומה!
|
MARC
| LEADER | 00000nam a22000004a 4500 | ||
|---|---|---|---|
| 001 | vpro9105 | ||
| 005 | 20201223000000.0 | ||
| 008 | 151017s2015 ck # g## #001 0#eng#d | ||
| 020 | |a 1687-8434 (versin̤ impresa) ; 1687-8442 (versin̤ online) | ||
| 022 | |||
| 040 | |a CO-BoINGC | ||
| 041 | 0 | |a eng | |
| 245 | 1 | 0 | |a Flow through a two-scale porosity material |
| 246 | |a Flujo a travš de un material poroso de dos escalas | ||
| 264 | |a Bogot ̀(Colombia) : |b Revista VirtualPRO, |c 2015 | ||
| 520 | 3 | |a En esta investigacin̤ se llev ̤a cabo una comparacin̤ entre tres mťodos dinm̀ica de fluidos computacional, elementos de frontera y velocimetra̕ de imagen de micropartc̕ula para determinar la dinm̀ica de flujo de un medio de escala dual. Tambiň se sugiere como se pueden interplaR estas opciones para producir los mejores resultados. | |
| 650 | \ | \ | |a Mecǹica de fluidos |
| 650 | \ | \ | |a Dinm̀ica de fluidos |
| 650 | \ | \ | |a Fluid mechanics |
| 650 | \ | \ | |a Fluid dynamics |
| 650 | \ | \ | |a CFD |
| 650 | \ | \ | |a Discretizacin̤ espacial |
| 650 | \ | \ | |a Mťodo de elementos de frontera |
| 650 | \ | \ | |a Velocimetra̕ de imagen de micropartc̕ula |
| 650 | \ | \ | |a Medio poroso |
| 650 | \ | \ | |a CFD |
| 650 | \ | \ | |a Spatial Discretization |
| 650 | \ | \ | |a Boundary Element Method |
| 650 | \ | \ | |a Microparticle Image Velocimetry |
| 650 | \ | \ | |a Porous Medium |
| 700 | \ | \ | |a Andersson A. G. |
| 700 | \ | \ | |a Westerberg L. G. |
| 700 | \ | \ | |a Papathanasiou T. D. |
| 700 | \ | \ | |a Lundstrm̲ T. Staffan |
| 700 | \ | \ | |a Hindawi Publishing Corporation |
| 856 | |z Flow through a two-scale porosity material |u https://virtualpro.unach.elogim.com/biblioteca/flujo-a-traves-de-un-material-poroso-de-dos-escalas | ||